wwe rae roster - Statistics

General Stats
  • This quiz has been taken 4 times
  • The average score is 50 of 59
Answer Stats
gender wrestler % Correct
male Akira Tozawa
100%
female Asuka
100%
male Austin theory
100%
female Bayley
100%
female Becky Lynch
100%
male Bravo Americano
100%
male Bron Breakker
100%
male Bronson Reed
100%
male Brutus Creed
100%
male Cm Punk
100%
male Dominik Mysterio
100%
male Dragon Lee
100%
male El Grande Americano
100%
male Finn Balor
100%
male Gunther
100%
female Ivy Nile
100%
female Iyo Sky
100%
male Jd Mcdonagh
100%
male Jey Uso
100%
male Jimmy Uso
100%
male Julius Creed
100%
female Kairi Sane
100%
male Kofi Kingston
100%
female Liv Morgan
100%
male Logan Paul
100%
female Lyra Valkyria
100%
female Maxxine Dupri
100%
female Naomi
100%
female Natalya
100%
male Otis
100%
male Paul Heyman
100%
male Penta
100%
female Raquel Rodriguez
100%
male Rayo Americano
100%
male Rey Mysterio
100%
female Rhea Ripley
100%
female Roxanne Perez
100%
male Rusev
100%
male Seth Rollins
100%
male Sheamus
100%
male "the original" El Grande Americano
100%
male Xavier Woods
100%
male Adam Pearce
67%
female Alicia Taylor
67%
female Brie Bella
67%
male Corey Graves
67%
male Grayson Waller
67%
male Je'von Evans
67%
male Michael Cole
67%
female Nikki Bella
67%
female Stephanie Vaquer
67%
male Erik
33%
male Ivar
33%
female Jackie Redmond
33%
male LA Knight
33%
female Zoey Stark
33%
male Byron Saxton
0%
male Cruz Del Toro
0%
male Joaquin Wilde
0%
No matching quizzes found
Score Distribution
Percent of People with Each Score
Percentile by Number Answered
Your Score History
You have not taken this quiz